003860000a220010900045001000027000002450066000273000043000937730025001369420008001619520090001699990017002591 aPérez, Gabriel Jaime10aLa ciudad futura : Escatología a partir de la urbanística aVol 25, Núm 4 (1975), Páginas 5-160 tTheologica xaveriana cANA 001040708HEMaFUSBCbFUSBCd2016-01-26l0o r2016-01-26 00:00:00w2016-01-26yANA c53093d53093